Piłkarska kariera Milana Barosa. - Statystyki

Ogólne statystyki
  • Ten quiz został rozwiązany 24 razy
  • Średni wynik to 4 z 13
Statystyki odpowiedzi
Lata Drużyna % Poprawnych
2002-2005 Liverpool
100%
2008-2013 Galatasaray
41%
2005-2007 Aston Villa
36%
1998-2002 Banik Ostrava
32%
2013-2013 Banik Ostrava
32%
2014-2015 Banik Ostrava
32%
2017-2020 Banik Ostrava
32%
2007-2008 Olympique Lyon
27%
2008-2008 Olympique Lyon
27%
2016-2017 Slovan Liberec
14%
2013-2014 Antalyaspor
9%
2015-2016 Mlada Boleslav
9%
2008-2008 Portsmouth
9%
Nie znaleziono quizów pasujących do podanych kryteriów
Rozkład punktacji
Procent ludzi z każdym wynikiem
Percentyl według liczby udzielonych odpowiedzi
Twoja historia wyników
Nie rozwiązałeś tego quizu